=LDR 00000nam 2200000 4500 =001 INLIS000000000020584 =005 20130612115532 =008 ***********************************Ind** =035 ##$$0010-061300000020584 =041 ##$$a Ind =082 ##$$a 808.301 095 982 1 =090 ##$$a 808.301 095 982 1, Ros d =100 ##$$a Rosidi, Ajip =245 ##$$a Dua orang dukun dan cerita pendek sunda lainnya, Ajip Rosidi =260 ##$$a 2001 $b Jakarta =300 ##$$a vii, 278 hlm, 18 cm =650 ##$$a Cerita pendek-Sunda =850 ##$$a NBPNMAT =990 ##$$a 0001/BPAP-NTB/20142015